DOS internals
| Main Author: | |
|---|---|
| Format: | Book |
| Published: |
New York :
Addison-Wesley ,
1994
|
| Series: | The Andrew Schulman programming series
|
| Subjects: |
MARC
| LEADER | 00000cam a2200000 7i4500 | ||
|---|---|---|---|
| 001 | 0000006796 | ||
| 002 | 000007322 | ||
| 005 | 20080515.0 | ||
| 020 | |a 0201608359 | ||
| 090 | 0 | 0 | |a 005.4469 |b CHA |
| 100 | 1 | |a Chappell, Geoff | |
| 245 | 1 | 0 | |a DOS internals |c Geoff Chappell |
| 260 | |a New York : |b Addison-Wesley , |c 1994 | ||
| 300 | |a 738p. ; |c 23cm. | ||
| 490 | 0 | |a The Andrew Schulman programming series | |
| 650 | 0 | 0 | |a MS-DOS (Computer file) |
| 999 | |a 040725 |b BUKU |c PINJAMAN |e PERPUSTAKAAN KOMUNITI PETALING JAYA | ||